[Event "Bayern-chI Bank Hofmann 13th"]
[Site "Bad Wiessee"]
[Date "2009.11.04"]
[Round "6"]
[White "Lutz, Anke"]
[Black "Smirnov, Artem"]
[Result "0-1"]
[WhiteElo "2195"]
[BlackElo "2432"]
[PlyCount "69"]
[EventDate "2009.10.31"]
[EventType "swiss"]
[EventRounds "9"]
[EventCountry "GER"]
[SourceTitle "EXT 2010"]
[Source "ChessBase"]
[SourceDate "2010.11.25"]
[SourceVersion "1"]
[SourceVersionDate "2010.11.25"]
[SourceQuality "1"]

1. Nf3 Nf6 2. d4 e6 3. g3 b5 4. Bg2 Bb7 5. 0-0 c5 6. a4 b4 7. c4 cxd4 8. Nxd4 Bxg2 9. Kxg2 Qc8 10. b3 Be7 11. Bb2 Na6 12. Nd2 Nc5 13. Qc2 Qb7+ 14. Kg1 0-0 15. Rfe1 Nfe4 16. N4f3 Rfd8 17. Bd4 d6 18. Rad1 Rac8 19. Nxe4 Nxe4 20. Nd2 Nc5 21. e4 h6 22. Re2 Bf8 23. f3 d5 24. Kg2 dxc4 25. Nxc4 Nxa4 26. bxa4 Qa6 27. Bxg7 Rxc4 28. Qb3 Rc3 29. Qb2 Rxd1 30. Bxf8 Kxf8 31. Qxb4+ Kg8 32. Rf2 Rcc1 33. e5 Qc4 34. Qb8+ Kg7 35. Qxa7 0-1

[Event "Bayern-chI Bank Hofmann 13th"]
[Site "Bad Wiessee"]
[Date "2009.11.01"]
[Round "2"]
[White "Lutz, Anke"]
[Black "Gupta, Abhijeet"]
[Result "0-1"]
[WhiteElo "2195"]
[BlackElo "2584"]
[PlyCount "98"]
[EventDate "2009.10.31"]
[EventType "swiss"]
[EventRounds "9"]
[EventCountry "GER"]
[SourceTitle "EXT 2010"]
[Source "ChessBase"]
[SourceDate "2010.11.25"]
[SourceVersion "1"]
[SourceVersionDate "2010.11.25"]
[SourceQuality "1"]

1. Nf3 Nf6 2. d4 g6 3. c4 Bg7 4. g3 d5 5. Bg2 dxc4 6. Qa4+ Nfd7 7. Qxc4 Nb6 8. Qc3 Na6 9. 0-0 c5 10. Be3 0-0 11. Na3 Nd5 12. Qd2 Nxe3 13. fxe3 e5 14. dxc5 Nxc5 15. Nc4 Be6 16. Rac1 Qe7 17. b3 Rac8 18. Qd6 Rfe8 19. Qxe7 Rxe7 20. Nfxe5 Rec7 21. Nf3 Bh6 22. Rb1 Bxc4 23. bxc4 Bxe3+ 24. Kh1 Ne4 25. Bh3 f5 26. Kg2 Rxc4 27. Rxb7 Rc2 28. Ng1 Ng5 29. Bxf5 gxf5 30. Rxf5 Rf8 31. Rxf8+ Kxf8 32. h4 Nf7 33. Nh3 Rxa2 34. Kf3 Ra3 35. Nf4 Bb6+ 36. Kg4 Ra4 37. h5 Re4 38. Kh3 Re7 39. Rb8+ Kg7 40. Rc8 Be3 41. Rc2 Bxf4 42. gxf4 a5 43. Kg3 a4 44. Kf3 Nd6 45. Rc5 Ra7 46. Rg5+ Kf8 47. e4 a3 48. Rg1 a2 49. Ra1 Ra3+ 0-1

[Event "BL 0708 (Women)"]
[Site "Germany"]
[Date "2008.03.15"]
[Round "8.3"]
[White "Lutz, Anke"]
[Black "Juergens, Vera"]
[Result "0-1"]
[WhiteElo "2203"]
[BlackElo "2310"]
[PlyCount "92"]
[EventDate "2007.11.10"]
[EventType "team-tourn"]
[EventRounds "11"]
[EventCountry "GER"]
[SourceTitle "EXT 2009"]
[Source "ChessBase"]
[SourceDate "2008.11.26"]
[SourceVersion "1"]
[SourceVersionDate "2008.11.26"]
[SourceQuality "1"]
[WhiteTeam "Halle (W)"]
[BlackTeam "Hamburger SK (W)"]
[WhiteTeamCountry "GER"]
[BlackTeamCountry "GER"]

1. e4 e5 2. Nf3 d6 3. d4 Nd7 4. Bc4 c6 5. 0-0 Be7 6. dxe5 dxe5 7. Ng5 Bxg5 8. Qh5 Qe7 9. Qxg5 Ngf6 10. Nd2 0-0 11. Kh1 b5 12. Be2 Nc5 13. f3 Qc7 14. Re1 Ne6 15. Qh4 a6 16. a4 Bd7 17. Nf1 c5 18. axb5 axb5 19. Rxa8 Rxa8 20. Ne3 Nf4 21. Bf1 c4 22. Qf2 Be6 23. Qd2 Qc5 24. Rd1 Nd7 25. Qe1 Ra2 26. g3 Ng6 27. Nd5 Ra1 28. Be3 Rxd1 29. Qxd1 Qc8 30. h4 Qb7 31. Bg2 Bxd5 32. exd5 f5 33. Bh3 Ne7 34. d6 Nd5 35. Bg5 g6 36. g4 f4 37. Be7 Kf7 38. Qe2 Nxe7 39. dxe7 Kxe7 40. g5 Qd5 41. Bxd7 Kxd7 42. Kg2 Kd6 43. c3 Qd3 44. Qf2 Kd5 45. Qb6 Qe2+ 46. Kg1 Qe1+ 0-1

[Event "Oberliga NRW 0708"]
[Site "Germany"]
[Date "2008.03.02"]
[Round "7.6"]
[White "Mainka, Gregor"]
[Black "Lutz, Anke"]
[Result "1/2-1/2"]
[WhiteElo "2318"]
[BlackElo "2203"]
[PlyCount "114"]
[EventDate "2007.09.16"]
[EventType "team-tourn"]
[EventRounds "9"]
[EventCountry "GER"]
[SourceTitle "EXT 2009"]
[Source "ChessBase"]
[SourceDate "2008.11.26"]
[SourceVersion "1"]
[SourceVersionDate "2008.11.26"]
[SourceQuality "1"]
[WhiteTeam "Dortmund Hansa"]
[BlackTeam "Duesseldorf"]
[WhiteTeamCountry "GER"]
[BlackTeamCountry "GER"]

1. Nf3 d5 2. g3 c6 3. Bg2 Bg4 4. c4 e6 5. cxd5 Bxf3 6. Bxf3 cxd5 7. d3 Nf6 8. 0-0 Nc6 9. Nc3 Be7 10. Bd2 0-0 11. a3 Qd7 12. Bg2 Rac8 13. b4 b6 14. Qb1 h6 15. Qb2 Rfd8 16. Rfd1 Ne8 17. Rac1 Bf6 18. e3 Nd6 19. Qb1 Qe8 20. Be1 d4 21. Ne2 dxe3 22. fxe3 Ne5 23. d4 Nec4 24. Qb3 b5 25. e4 Bg5 26. Rc3 e5 27. d5 Qd7 28. h4 Bf6 29. Nc1 Qg4 30. Bf3 Qg6 31. h5 Qh7 32. Qb1 Bg5 33. Ne2 Ne3 34. Rxc8 Rxc8 35. Rc1 Rxc1 36. Qxc1 Nec4 37. Qc2 g6 38. Bf2 f5 39. hxg6 Qxg6 40. exf5 Qxf5 41. Qxf5 Nxf5 42. Bg4 Nfd6 43. Bxa7 Nxa3 44. Kf2 Nac4 45. Bd7 Bd2 46. Bc5 Kf7 47. Ng1 Kf6 48. Ke2 Bg5 49. Nf3 Bc1 50. Ne1 Bg5 51. Bc6 Kf5 52. Bd7+ Kf6 53. Nf3 Bc1 54. Ne1 Bg5 55. Ng2 Bc1 56. Nh4 Bg5 57. Nf3 Bc1 1/2-1/2

[Event "BL 0708 (Women)"]
[Site "Germany"]
[Date "2008.01.26"]
[Round "6.5"]
[White "Lutz, Anke"]
[Black "Moingt, Anne"]
[Result "1-0"]
[WhiteElo "2203"]
[BlackElo "2136"]
[PlyCount "51"]
[EventDate "2007.11.10"]
[EventType "team-tourn"]
[EventRounds "11"]
[EventCountry "GER"]
[SourceTitle "EXT 2009"]
[Source "ChessBase"]
[SourceDate "2008.11.26"]
[SourceVersion "1"]
[SourceVersionDate "2008.11.26"]
[SourceQuality "1"]
[WhiteTeam "Halle (W)"]
[BlackTeam "Karlsruhe (W)"]
[WhiteTeamCountry "GER"]
[BlackTeamCountry "GER"]

1. e4 c5 2. Nf3 d6 3. c3 Nf6 4. Be2 Nbd7 5. d3 e6 6. 0-0 b6 7. Re1 Bb7 8. Bf1 Be7 9. Nbd2 0-0 10. d4 cxd4 11. cxd4 Rc8 12. Bd3 e5 13. d5 Nc5 14. Bf1 a5 15. b3 Ne8 16. Bc4 g6 17. Bb2 Ng7 18. a3 Bf6 19. b4 axb4 20. axb4 Nd7 21. Bb5 Nh5 22. Ra7 Rb8 23. Qa4 Nf4 24. Bxd7 Nd3 25. Rb1 Nxb2 26. Rxb2 1-0

[Event "Oberliga NRW 0708"]
[Site "Germany"]
[Date "2007.09.16"]
[Round "1.6"]
[White "Meessen, Rudolf"]
[Black "Lutz, Anke"]
[Result "1-0"]
[WhiteElo "2298"]
[BlackElo "2203"]
[PlyCount "91"]
[EventDate "2007.09.16"]
[EventType "team-tourn"]
[EventRounds "9"]
[EventCountry "GER"]
[SourceTitle "EXT 2009"]
[Source "ChessBase"]
[SourceDate "2008.11.26"]
[SourceVersion "1"]
[SourceVersionDate "2008.11.26"]
[SourceQuality "1"]
[WhiteTeam "Aachen"]
[BlackTeam "Duesseldorf"]
[WhiteTeamCountry "GER"]
[BlackTeamCountry "GER"]

1. d4 d5 2. c4 e6 3. Nc3 Be7 4. Nf3 Nf6 5. Bg5 h6 6. Bxf6 Bxf6 7. e3 0-0 8. Qd2 a6 9. Rc1 Re8 10. Be2 dxc4 11. Bxc4 Nd7 12. 0-0 c5 13. Ne4 cxd4 14. exd4 b5 15. Bb3 Nb6 16. Qf4 Nd5 17. Bxd5 exd5 18. Nxf6+ Qxf6 19. Qxf6 gxf6 20. Rc5 Re2 21. Re1 Rxe1+ 22. Nxe1 Be6 23. f3 Rc8 24. Rxc8+ Bxc8 25. b4 Bf5 26. Kf2 Kg7 27. Ke3 Bb1 28. a3 Kg6 29. g3 Kg7 30. Kf4 Kg6 31. Ng2 Bc2 32. Nh4+ Kh7 33. Nf5 Bb3 34. Nd6 Kg7 35. Ne8+ Kg6 36. h4 h5 37. Nc7 Ba2 38. Nxa6 Bb3 39. Nc7 Bc4 40. Ne8 Be2 41. g4 Bc4 42. gxh5+ Kxh5 43. Nxf6+ Kxh4 44. Ke5 Kg3 45. f4 Kf3 46. f5 1-0

[Event "NRW Class2 0506"]
[Site "Germany"]
[Date "2006.03.05"]
[Round "7.7"]
[White "Lutz, Anke"]
[Black "Wicht, Juergen"]
[Result "1/2-1/2"]
[WhiteElo "2189"]
[BlackElo "2172"]
[PlyCount "42"]
[EventDate "2005.09.25"]
[EventType "team"]
[EventRounds "9"]
[EventCountry "GER"]
[SourceTitle "EXT 2006"]
[Source "ChessBase"]
[SourceDate "2005.11.24"]
[SourceVersion "1"]
[SourceVersionDate "2005.11.24"]
[SourceQuality "1"]
[WhiteTeam "Duesseldorf"]
[BlackTeam "Elberfeld"]
[WhiteTeamCountry "GER"]
[BlackTeamCountry "GER"]

1. e4 d6 2. d4 Nf6 3. Nc3 g6 4. Nf3 Bg7 5. Be2 c6 6. a4 0-0 7. 0-0 Nbd7 8. h3 e5 9. dxe5 dxe5 10. Be3 Qe7 11. a5 Nc5 12. Nd2 Rd8 13. Qb1 Ne6 14. Rd1 Nd4 15. Bf1 Nh5 16. Ne2 Bf6 17. c3 Nxe2+ 18. Bxe2 Bg5 19. Bxg5 Qxg5 20. Nf3 Rxd1+ 21. Qxd1 Qf6 1/2-1/2

[Event "BL 0405 (Women)"]
[Site "Germany"]
[Date "2005.02.19"]
[Round "6.3"]
[White "Lutz, Anke"]
[Black "Dzagnidze, Nana"]
[Result "0-1"]
[WhiteElo "2192"]
[BlackElo "2476"]
[PlyCount "66"]
[EventDate "2004.11.06"]
[EventType "team-tourn"]
[EventRounds "11"]
[EventCountry "GER"]
[SourceTitle "EXT 2006"]
[Source "ChessBase"]
[SourceDate "2005.11.24"]
[SourceVersion "1"]
[SourceVersionDate "2005.11.24"]
[SourceQuality "1"]
[WhiteTeam "Halle (W)"]
[BlackTeam "Baden Oos (W)"]
[WhiteTeamCountry "GER"]
[BlackTeamCountry "GER"]

1. e4 c5 2. Nf3 d6 3. d4 cxd4 4. Nxd4 Nf6 5. Nc3 a6 6. Be2 e5 7. Nb3 Be7 8. 0-0 Nbd7 9. Kh1 0-0 10. f4 b5 11. a4 b4 12. Nd5 Bb7 13. Bf3 Bxd5 14. exd5 e4 15. Be2 Nb6 16. Nd2 Qc7 17. a5 Nbxd5 18. Nxe4 Nxe4 19. Qxd5 Qxc2 20. Bf3 Nc5 21. Re1 Bf6 22. Be3 Rad8 23. Rad1 Qxb2 24. g4 Qa3 25. g5 Bc3 26. Re2 Qxa5 27. f5 g6 28. fxg6 hxg6 29. Rf2 b3 30. Bg4 b2 31. Rdf1 Qc7 32. Bd4 Bxd4 33. Qxd4 Qb7+ 0-1

[Event "NRW Class2 0405"]
[Site "Germany"]
[Date "2005.01.30"]
[Round "6.5"]
[White "Iounoussov, Maksim"]
[Black "Lutz, Anke"]
[Result "1/2-1/2"]
[WhiteElo "2194"]
[BlackElo "2192"]
[PlyCount "87"]
[EventDate "2004.10.10"]
[EventType "team"]
[EventRounds "9"]
[EventCountry "GER"]
[SourceTitle "EXT 2006"]
[Source "ChessBase"]
[SourceDate "2005.11.24"]
[SourceVersion "1"]
[SourceVersionDate "2005.11.24"]
[SourceQuality "1"]
[WhiteTeam "Bochum II"]
[BlackTeam "Duesseldorf"]
[WhiteTeamCountry "GER"]
[BlackTeamCountry "GER"]

1. e4 Nf6 2. d3 d5 3. e5 Nfd7 4. Nf3 e6 5. g3 c5 6. Bg2 Nc6 7. Qe2 b5 8. 0-0 Rb8 9. Re1 Be7 10. h4 b4 11. Nbd2 a5 12. Nf1 Ba6 13. Bg5 h6 14. Bxe7 Qxe7 15. Ne3 0-0 16. Ng4 Rfc8 17. Qd2 c4 18. dxc4 Bxc4 19. Qf4 a4 20. Bh3 b3 21. cxb3 axb3 22. a3 Bd3 23. Re3 Bf5 24. Rae1 h5 25. Nh6+ gxh6 26. Bxf5 exf5 27. Qxh6 Qe6 28. Qxh5 Qg6 29. Qg5 Qxg5 30. Nxg5 d4 31. Rf3 Ncxe5 32. Rxf5 f6 33. f4 Nc4 34. Re7 Nf8 35. Ne4 Nh7 36. Rh5 f5 37. Rhxh7 fxe4 38. Rhg7+ Kh8 39. Rh7+ Kg8 40. Reg7+ Kf8 41. h5 Rb6 42. h6 Rxh6 43. Rf7+ Kg8 44. Rfg7+ 1/2-1/2

[Event "NRW Class2 0405"]
[Site "Germany"]
[Date "2004.10.31"]
[Round "2.6"]
[White "Lutz, Anke"]
[Black "Kulik, David"]
[Result "1-0"]
[WhiteElo "2192"]
[BlackElo "2115"]
[PlyCount "113"]
[EventDate "2004.10.10"]
[EventType "team"]
[EventRounds "9"]
[EventCountry "GER"]
[SourceTitle "EXT 2006"]
[Source "ChessBase"]
[SourceDate "2005.11.24"]
[SourceVersion "1"]
[SourceVersionDate "2005.11.24"]
[SourceQuality "1"]
[WhiteTeam "Duesseldorf"]
[BlackTeam "Plettenberg"]
[WhiteTeamCountry "GER"]
[BlackTeamCountry "GER"]

1. e4 e6 2. d4 d5 3. exd5 exd5 4. Bd3 Nc6 5. c3 Bd6 6. Qf3 Nge7 7. Ne2 0-0 8. Bg5 f6 9. Bh4 Be6 10. Bg3 Qd7 11. Bxd6 Qxd6 12. 0-0 Ng6 13. Nd2 Nce7 14. h3 c6 15. Rfe1 Rfe8 16. Nf1 Bf7 17. g3 Be6 18. h4 Nf8 19. Ne3 Bf7 20. Kg2 Bg6 21. Nf4 Bxd3 22. Nxd3 b6 23. Re2 Qd7 24. Rae1 Rad8 25. Nb4 a5 26. Nd3 Nc8 27. Nf5 Rxe2 28. Rxe2 Re8 29. Rxe8 Qxe8 30. Nf4 Ne6 31. Nxe6 Qxe6 32. Qg4 Qe4+ 33. Qxe4 dxe4 34. f3 g6 35. Ne3 exf3+ 36. Kxf3 Nd6 37. c4 Kf7 38. b3 Ke6 39. Kf4 h6 40. d5+ Kd7 41. dxc6+ Kxc6 42. Nd5 g5+ 43. Kg4 Ne4 44. Kf3 Nd2+ 45. Ke3 gxh4 46. gxh4 Nf1+ 47. Kf4 b5 48. Nxf6 bxc4 49. bxc4 Nd2 50. Ng4 Nxc4 51. Nxh6 Kd7 52. Kf5 Ke7 53. Kg6 Ne5+ 54. Kg7 a4 55. h5 a3 56. Ng8+ Ke6 57. h6 1-0

[Event "BL 0304 (Women)"]
[Site "Germany"]
[Date "2004.04.18"]
[Round "11.3"]
[White "Lutz, Anke"]
[Black "Guenther, Anetta"]
[Result "1/2-1/2"]
[WhiteElo "2223"]
[BlackElo "2120"]
[PlyCount "25"]
[EventDate "2003.11.29"]
[EventType "team-tourn"]
[EventRounds "11"]
[EventCountry "GER"]
[SourceTitle "EXT 2005"]
[Source "ChessBase"]
[SourceDate "2004.11.15"]
[SourceVersion "1"]
[SourceVersionDate "2004.11.15"]
[SourceQuality "1"]
[WhiteTeam "Halle (W)"]
[BlackTeam "Rodewisch"]
[WhiteTeamCountry "GER"]
[BlackTeamCountry "GER"]

1. e4 c5 2. Nf3 Nc6 3. Bb5 g6 4. Bxc6 dxc6 5. d3 Bg7 6. h3 Nf6 7. Nc3 0-0 8. Be3 b6 9. Qd2 Re8 10. Bh6 e5 11. Bxg7 Kxg7 12. 0-0 Qd6 13. Rad1 1/2-1/2

[Event "BL 0304 (Women)"]
[Site "Germany"]
[Date "2004.02.29"]
[Round "7.3"]
[White "Lutz, Anke"]
[Black "Calzetta Ruiz, Monica"]
[Result "1-0"]
[WhiteElo "2223"]
[BlackElo "2274"]
[PlyCount "119"]
[EventDate "2003.11.29"]
[EventType "team-tourn"]
[EventRounds "11"]
[EventCountry "GER"]
[SourceTitle "EXT 2005"]
[Source "ChessBase"]
[SourceDate "2004.11.15"]
[SourceVersion "1"]
[SourceVersionDate "2004.11.15"]
[SourceQuality "1"]
[WhiteTeam "Halle (W)"]
[BlackTeam "Kiel"]
[WhiteTeamCountry "GER"]
[BlackTeamCountry "GER"]

1. e4 c5 2. Nc3 g6 3. d4 Bg7 4. d5 d6 5. Be2 Nf6 6. h3 0-0 7. Nf3 b5 8. Bxb5 Nxe4 9. Nxe4 Qa5+ 10. Nc3 Bxc3+ 11. bxc3 Qxb5 12. a4 Qc4 13. Qd3 Ba6 14. 0-0 Qxd3 15. cxd3 Bxd3 16. Re1 Bc4 17. Rxe7 Bxd5 18. Bf4 Nc6 19. Rc7 Bxf3 20. gxf3 Ne5 21. Bxe5 dxe5 22. Rxc5 Rfc8 23. Rxe5 Rxc3 24. Kg2 Rac8 25. Rae1 R8c5 26. Rxc5 Rxc5 27. Re7 Ra5 28. Re4 Kg7 29. Rc4 h5 30. Rd4 Kf6 31. Re4 Re5 32. Rd4 Ke6 33. Rb4 Ra5 34. Rd4 Rf5 35. Rb4 a5 36. Rb6+ Kd5 37. Kg3 Kc4 38. Rb7 Kd4 39. Rd7+ Kc5 40. Rb7 Kc6 41. Re7 g5 42. Re4 Kd5 43. h4 f6 44. hxg5 fxg5 45. Re8 Rf4 46. Rg8 h4+ 47. Kg2 Rf5 48. Rd8+ Kc5 49. Rb8 Kc6 50. Rc8+ Kd5 51. Rd8+ Kc4 52. Rb8 Kd4 53. Rc8 Rc5 54. Rb8 Ke5 55. Re8+ Kf6 56. Rf8+ Kg7 57. Ra8 Kf6 58. Rf8+ Ke5 59. Re8+ Kf4 60. Rf8+ 1-0

[Event "BL 0304 (Women)"]
[Site "Germany"]
[Date "2003.10.26"]
[Round "2.3"]
[White "Lutz, Anke"]
[Black "Wagner Michel, Annett"]
[Result "0-1"]
[WhiteElo "2223"]
[BlackElo "2145"]
[PlyCount "128"]
[EventDate "2003.11.29"]
[EventType "team-tourn"]
[EventRounds "11"]
[EventCountry "GER"]
[SourceTitle "EXT 2005"]
[Source "ChessBase"]
[SourceDate "2004.11.15"]
[SourceVersion "1"]
[SourceVersionDate "2004.11.15"]
[SourceQuality "1"]
[WhiteTeam "Halle (W)"]
[BlackTeam "Berlin Rotation"]
[WhiteTeamCountry "GER"]
[BlackTeamCountry "GER"]

1. e4 c5 2. Nf3 Nc6 3. d4 cxd4 4. Nxd4 Nf6 5. Nc3 d6 6. Bg5 e6 7. Qd2 a6 8. 0-0-0 Bd7 9. f4 b5 10. Bxf6 gxf6 11. Kb1 Qb6 12. Nxc6 Bxc6 13. Qe1 0-0-0 14. Bd3 h5 15. Qh4 Bg7 16. f5 a5 17. Rhf1 b4 18. Ne2 a4 19. Nd4 Bd7 20. Bc4 e5 21. Ne2 Bb5 22. Bxb5 Qxb5 23. c4 Qb6 24. Rf3 Kd7 25. Rd5 Qc6 26. Qf2 Qxc4 27. Qa7+ Ke8 28. Qxa4+ Kf8 29. Qc2 Rc8 30. Qxc4 Rxc4 31. Rxd6 Rxe4 32. Rd8+ Ke7 33. Rxh8 Bxh8 34. Ng3 Re1+ 35. Kc2 h4 36. Nf1 Re2+ 37. Kb3 Rxg2 38. Rh3 Rf2 39. Rxh4 Rxf1 40. Rxh8 Rxf5 41. Kxb4 e4 42. Kc3 Rd5 43. Kc4 Re5 44. Rg8 e3 45. Rg1 f5 46. Kd3 f4 47. Ke2 Ke6 48. Kf3 Kd5 49. Rg2 Kd4 50. h4 Kd3 51. Re2 Rc5 52. Re1 Rc2 53. Kxf4 Rf2+ 54. Kg3 Kd2 55. Rh1 Rf6 56. h5 e2 57. Kg4 e1Q 58. Rxe1 Kxe1 59. Kg5 Rf2 60. a4 Rxb2 61. Kf6 Rf2+ 62. Kg7 f5 63. h6 Rg2+ 64. Kf6 f4 0-1

[Event "BL 0304 (Women)"]
[Site "Germany"]
[Date "2003.10.25"]
[Round "1.3"]
[White "Timme, Karin"]
[Black "Lutz, Anke"]
[Result "1/2-1/2"]
[WhiteElo "1942"]
[BlackElo "2223"]
[PlyCount "102"]
[EventDate "2003.11.29"]
[EventType "team-tourn"]
[EventRounds "11"]
[EventCountry "GER"]
[SourceTitle "EXT 2005"]
[Source "ChessBase"]
[SourceDate "2004.11.15"]
[SourceVersion "1"]
[SourceVersionDate "2004.11.15"]
[SourceQuality "1"]
[WhiteTeam "Torgelow"]
[BlackTeam "Halle (W)"]
[WhiteTeamCountry "GER"]
[BlackTeamCountry "GER"]

1. d4 d5 2. c4 e6 3. Nf3 Nf6 4. Nc3 Bb4 5. e3 0-0 6. Bd2 c6 7. Rc1 Nbd7 8. Qc2 Bd6 9. Bd3 dxc4 10. Bxc4 e5 11. 0-0 Qe7 12. dxe5 Nxe5 13. Nxe5 Bxe5 14. f4 Bc7 15. Be2 Bb6 16. Kh1 Bxe3 17. Bxe3 Qxe3 18. Rce1 Qd4 19. Rd1 Qc5 20. Qd2 Bf5 21. h3 h6 22. Bf3 Qb6 23. Qf2 Qxf2 24. Rxf2 h5 25. Rfd2 Rfe8 26. Kg1 g6 27. Rd4 Kg7 28. Kf2 Re7 29. R1d2 Rae8 30. Rd1 Ne4+ 31. Nxe4 Bxe4 32. Bxe4 Rxe4 33. Rxe4 Rxe4 34. Kf3 Rb4 35. b3 Kf6 36. g4 hxg4+ 37. hxg4 a5 38. Rd7 c5 39. Rc7 b6 40. Rc6+ Ke7 41. Rc7+ Ke6 42. Rc6+ Kd7 43. Rf6 Ke7 44. Rc6 a4 45. bxa4 Rxa4 46. Rxb6 Rxa2 47. Rc6 Rc2 48. Ke4 Rc1 49. Kd5 Rg1 50. g5 Rd1+ 51. Ke5 Re1+ 1/2-1/2

[Event "NRW Class2 0304"]
[Site "Germany"]
[Date "2003.09.28"]
[Round "1.3"]
[White "Kober, Henning"]
[Black "Lutz, Anke"]
[Result "1-0"]
[WhiteElo "2150"]
[BlackElo "2223"]
[PlyCount "71"]
[EventDate "2003.09.28"]
[EventType "team"]
[EventRounds "9"]
[EventCountry "GER"]
[SourceTitle "CBM 098 Extra"]
[Source "ChessBase"]
[SourceDate "2004.03.10"]
[SourceVersion "2"]
[SourceVersionDate "2004.03.10"]
[SourceQuality "1"]
[WhiteTeam "Gerresheim"]
[BlackTeam "Duesseldorf"]
[WhiteTeamCountry "GER"]
[BlackTeamCountry "GER"]

1. d4 d5 2. c4 e6 3. Nf3 Nf6 4. g3 Be7 5. Bg2 0-0 6. Qc2 dxc4 7. Qxc4 a6 8. Bf4 Nd5 9. Nc3 Nxf4 10. gxf4 Nd7 11. 0-0 b5 12. Qd3 Rb8 13. Ne4 h6 14. Rac1 Bb7 15. Rfd1 Bd5 16. Qc2 Qe8 17. Nc5 Bxc5 18. dxc5 Nf6 19. Rd4 Bxf3 20. Bxf3 Qe7 21. Rcd1 Rfd8 22. Qd3 Rxd4 23. Qxd4 b4 24. Bc6 Nh7 25. Rd3 Nf8 26. Be4 a5 27. c6 g6 28. Bf3 Kh7 29. Kg2 Kg8 30. Kg3 Qe8 31. Qa7 Rd8 32. Qxc7 Rxd3 33. exd3 g5 34. fxg5 hxg5 35. Qxa5 Qe7 36. c7 1-0

[Event "GER-chT Federal Cup (Women)"]
[Site "Naumburg"]
[Date "2003.04.04"]
[Round "3"]
[White "Lutz, Anke"]
[Black "Suess, Annegret"]
[Result "1-0"]
[WhiteElo "2224"]
[BlackElo "2131"]
[PlyCount "125"]
[EventDate "2003.04.??"]
[EventType "team-swiss"]
[EventRounds "5"]
[EventCountry "GER"]
[SourceTitle "EXT 2004"]
[Source "ChessBase"]
[SourceDate "2003.11.25"]
[SourceVersion "1"]
[SourceVersionDate "2003.11.25"]
[SourceQuality "1"]

1. e4 e6 2. d4 d5 3. Nc3 Nf6 4. e5 Nfd7 5. f4 c5 6. Nf3 Nc6 7. Be3 cxd4 8. Nxd4 Bc5 9. Qd2 0-0 10. 0-0-0 a6 11. g3 Nxd4 12. Bxd4 b5 13. Bg2 Rb8 14. Kb1 b4 15. Ne2 a5 16. Rhe1 Qc7 17. Bxc5 Nxc5 18. Nd4 Bd7 19. g4 f6 20. exf6 Rxf6 21. f5 exf5 22. Bxd5+ Kh8 23. gxf5 Bxf5 24. Nxf5 Rxf5 25. Rf1 Rxf1 26. Rxf1 Qe5 27. Qf4 Qxf4 28. Rxf4 Nd7 29. Kc1 Nf6 30. Bc4 Rc8 31. Bb3 h6 32. Rf5 Ra8 33. Rb5 g5 34. a3 bxa3 35. bxa3 Kg7 36. Re5 Ng4 37. Re2 h5 38. Be6 Nf6 39. Bc4 Ra7 40. Re5 g4 41. Bd3 Kf7 42. Rg5 Ke6 43. Bg6 Rg7 44. Bf5+ Kf7 45. Be6+ Kf8 46. Rxa5 h4 47. Ra8+ Ne8 48. Bd5 g3 49. hxg3 h3 50. Bc6 Re7 51. Kd2 h2 52. Rb8 Kf7 53. Bxe8+ Rxe8 54. Rb1 Ra8 55. Rh1 Rxa3 56. Rxh2 Rxg3 57. Re2 Kf6 58. c3 Kf5 59. Kc2 Kf6 60. Kb3 Rg8 61. c4 Rb8+ 62. Kc3 Rc8 63. Kb4 1-0

[Event "BL 0203 (Women)"]
[Site "Germany"]
[Date "2002.12.01"]
[Round "4.3"]
[White "Lutz, Anke"]
[Black "Schleining, Zoya"]
[Result "1/2-1/2"]
[WhiteElo "2224"]
[BlackElo "2369"]
[PlyCount "134"]
[EventDate "2002.10.12"]
[EventType "team-tourn"]
[EventRounds "11"]
[EventCountry "GER"]
[SourceTitle "EXT 2004"]
[Source "ChessBase"]
[SourceDate "2003.11.25"]
[SourceVersion "1"]
[SourceVersionDate "2003.11.25"]
[SourceQuality "1"]
[WhiteTeam "Halle (W)"]
[BlackTeam "Emsdetten Turm (W)"]
[WhiteTeamCountry "GER"]
[BlackTeamCountry "GER"]

1. e4 d6 2. d4 Nf6 3. Nc3 e5 4. Nf3 Nbd7 5. Bc4 Be7 6. 0-0 0-0 7. Re1 c6 8. a4 Qc7 9. b3 Re8 10. Bb2 Bf8 11. Qd2 Nb6 12. Bd3 Bg4 13. Ne2 Bxf3 14. gxf3 a5 15. Qg5 Nfd7 16. Kh1 Re6 17. Rg1 Rg6 18. Qh5 Nf6 19. Qh3 Re8 20. Rxg6 hxg6 21. Rg1 Nh5 22. Bc3 Nd7 23. Bxa5 b6 24. Bd2 Ndf6 25. c3 d5 26. dxe5 Rxe5 27. f4 Nxe4 28. Be3 Re8 29. Qf3 Bc5 30. f5 Bxe3 31. fxe3 Qe5 32. fxg6 fxg6 33. Bxe4 Qxe4 34. Qxe4 Rxe4 35. Rxg6 Rxe3 36. Nd4 Rxc3 37. Rxc6 Rd3 38. Nb5 Nf4 39. Kg1 Rxb3 40. Rxb6 Ne2+ 41. Kf2 Nc3 42. Rb8+ Kf7 43. Ra8 Nxb5 44. axb5 Rxb5 45. Ke3 Kg6 46. Ra2 Rb4 47. Rf2 Re4+ 48. Kd3 Rh4 49. Ke3 Kg5 50. Kd3 g6 51. Ke3 Re4+ 52. Kd3 Kg4 53. Rf6 g5 54. Rd6 Re5 55. Kd4 Re2 56. Rh6 Rd2+ 57. Ke3 Rd1 58. Rh8 Rf1 59. Kd4 Rf5 60. Rh7 Kf4 61. Rh3 g4 62. Rh7 Kf3 63. Rh4 Rg5 64. Rh8 Kg2 65. Rh7 Kg1 66. Rh8 Rf5 67. Rh4 Rg5 1/2-1/2

[Event "BL 0203 (Women)"]
[Site "Germany"]
[Date "2002.10.12"]
[Round "1.3"]
[White "Kopylov, Luba"]
[Black "Lutz, Anke"]
[Result "1-0"]
[WhiteElo "1683"]
[BlackElo "2224"]
[PlyCount "111"]
[EventDate "2002.10.12"]
[EventType "team-tourn"]
[EventRounds "11"]
[EventCountry "GER"]
[SourceTitle "EXT 2003"]
[Source "ChessBase"]
[SourceDate "2002.11.25"]
[SourceVersion "1"]
[SourceVersionDate "2002.11.25"]
[SourceQuality "1"]
[WhiteTeam "Kiel (W)"]
[BlackTeam "Halle (W)"]
[WhiteTeamCountry "GER"]
[BlackTeamCountry "GER"]

1. d4 d5 2. c4 e6 3. cxd5 exd5 4. Nc3 c6 5. Bf4 Bd6 6. Bg3 Ne7 7. e3 Bf5 8. Bd3 Bxd3 9. Qxd3 0-0 10. Nf3 Ng6 11. Rc1 Re8 12. a3 a6 13. Ne2 Qa5+ 14. b4 Qd8 15. Qf5 h6 16. h4 Bxg3 17. Nxg3 Qd7 18. h5 Ne7 19. Qf4 Qe6 20. Nh4 Nd7 21. Ngf5 Nxf5 22. Nxf5 Nf6 23. Rh3 Ne4 24. Qg4 Qf6 25. Rf3 Rad8 26. Ke2 Qg5 27. Qh3 Qf6 28. Rf4 Ng5 29. Qg3 Re4 30. Rh1 Rxf4 31. Qxf4 Re8 32. Rh4 Ne6 33. Qg4 Ng5 34. Ng3 Qe6 35. Qf4 Ne4 36. Nf5 Qf6 37. Rg4 Ng5 38. Nxh6+ Qxh6 39. Qxg5 Qh7 40. h6 g6 41. f4 Kf8 42. Qf6 Kg8 43. Rh4 Kf8 44. Rh3 Re6 45. Qd8+ Re8 46. Qd6+ Re7 47. Qb8+ Re8 48. Qxb7 g5 49. Qxc6 gxf4 50. Qd6+ Re7 51. Qxf4 Re6 52. Qb8+ Ke7 53. Qc7+ Kf8 54. Qd8+ Re8 55. Qd6+ Re7 56. Kf2 1-0